Statistics for Population change 2023 - 2100 by country

Click here to take the quiz!

General Stats

  • This quiz has been taken 31 times
  • The average score is 15 of 24

Answer Stats

2100 populationChangeAnswer% Correct
766.67 million-659 millionChina
100%
1530.85 million+102.22 millionIndia
100%
394.04 million+54.04 millionUSA
96%
546.09 million+322.29 millionNigeria
85%
112.07 million-32.37 millionRussia
81%
296.62 million+19.09 millionIndonesia
77%
184.55 million-31.87 millionBrazil
73%
73.64 million-49.65 millionJapan
69%
487.02 million+246.53 millionPakistan
69%
82.55 million-3.27 millionTurkey
69%
432.38 million+330.12 millionDR Congo
62%
115.63 million-12.83 millionMexico
62%
176.37 million+3.42 millionBangladesh
58%
205.23 million+92.51 millionEgypt
58%
91.04 million-7.82 millionVietnam
58%
323.74 million+197.21 millionEthiopia
54%
244.82 million+177.38 millionTanzania
54%
70.49 million+2.75 millionUK
54%
74.56 million+7.12 millionSouth Africa
46%
180.15 million+62.81 millionPhilippines
42%
142 million+93.89 millionSudan
38%
132.13 million+83.55 millionUganda
38%
110.85 million+68.61 millionAfghanistan
31%
50.47 million+13.52 millionSaudi Arabia
23%

Score Distribution

Percentile by Number Answered

Percent of People with Each Score

Your Score History

You have not taken this quiz